Statystyki dla Morza Świata

Kliknij tutaj aby rozwiązać quiz!

Ogólne statystyki

  • Ten quiz został rozwiązany 101 razy
  • Średni wynik to 22 z 82

Statystyki odpowiedzi

HintOdpowiedź% Poprawnych
Ocean AtlantyckiBałtyckie
94%
Ocean IndyjskiCzerwone
92%
Ocean AtlantyckiCzarne
90%
Ocean AtlantyckiŚródziemne
88%
Ocean AtlantyckiKaraibskie
73%
Ocean AtlantyckiPółnocne
73%
Ocean SpokojnyJapońskie
71%
Ocean SpokojnyŻółte
69%
Ocean AtlantyckiEgejskie
65%
Ocean ArktycznyBiałe
63%
Ocean AtlantyckiNorweskie
61%
Ocean AtlantyckiAdriatyckie
59%
Ocean IndyjskiArabskie
57%
Ocean AtlantyckiJońskie
53%
Ocean SpokojnyPołudniowochińskie
51%
Ocean SpokojnyBeringa
47%
Ocean SpokojnyWschodniochińskie
45%
Ocean AtlantyckiIrlandzkie
43%
Ocean SpokojnyKoralowe
43%
Ocean SpokojnyFilipińskie
41%
Ocean AtlantyckiAzowskie
39%
Ocean AtlantyckiTyrreńskie
39%
Ocean SpokojnyTasmana
37%
Ocean ArktycznyGrenlandzkie
35%
Ocean SpokojnyJawajskie
35%
Ocean AtlantyckiSargassowe
33%
Ocean ArktycznyBarentsa
31%
Ocean AtlantyckiMarmara
31%
Ocean SpokojnyOchockie
31%
Ocean IndyjskiTimor
31%
Ocean SpokojnyCelebes
29%
Ocean ArktycznyBaffina
27%
Ocean IndyjskiAndamańskie
24%
Ocean ArktycznyBeauforta
24%
Ocean ArktycznyCzukockie
24%
Ocean ArktycznyKarskie
24%
Ocean ArktycznyŁaptiewów
22%
Ocean ArktycznyWschodniosyberyjskie
22%
Ocean AtlantyckiBalearskie
20%
Ocean AtlantyckiLabradorskie
20%
Ocean AtlantyckiAlborańskie
18%
Ocean SpokojnyArafura
18%
Ocean AtlantyckiCeltyckie
18%
Ocean SpokojnyFidżi
18%
Ocean SpokojnySulu
18%
Ocean PołudniowyWeddella
18%
Ocean SpokojnyBismarcka
16%
Ocean AtlantyckiLiguryjskie
16%
Ocean SpokojnySalomona
16%
Ocean SpokojnyFlores
14%
Ocean PołudniowyRossa
14%
Ocean AtlantyckiKreteńskie
12%
Ocean AtlantyckiScotia
12%
Ocean PołudniowyScotia
12%
Ocean IndyjskiLakkadiwskie
10%
Ocean SpokojnyMoluckie
10%
Ocean AtlantyckiTrackie
10%
Ocean PołudniowyAmundsena
8%
Ocean SpokojnyBalijskie
8%
Ocean SpokojnyHalmahera
8%
Ocean SpokojnySawu
8%
Ocean AtlantyckiSzkockie
8%
Ocean AtlantyckiWattowe
8%
Ocean AtlantyckiAlandzkie
6%
Ocean PołudniowyDavisa
6%
Ocean PołudniowyKosmonautów
6%
Ocean ArktycznyLincolna
6%
Ocean SpokojnySeram
6%
Ocean AtlantyckiArchipelagowe
4%
Ocean PołudniowyBellingshausena
4%
Ocean ArktycznyPeczorskie
4%
Ocean PołudniowySomowa
4%
Ocean PołudniowyWspólnoty
4%
Ocean PołudniowyDumont d'Urville'a
2%
Ocean AtlantyckiHebrydzkie
2%
Ocean PołudniowyŁazariewa
2%
Ocean PołudniowyMawsona
2%
Ocean AtlantyckiMirtejskie
2%
Ocean PołudniowyRiiser-Larsena
2%
Ocean ArktycznyWandela
2%
Ocean SpokojnyWewnętrzne
2%
Ocean PołudniowyKróla Haakona VII
0%

Rozkład punktacji

Percentyl według liczby udzielonych odpowiedzi

Procent ludzi z każdym wynikiem

Twoja historia wyników

Nie rozwiązałeś tego quizu